Cómo era la vida de los primeros cristianos (Record no. 20841)

MARC details
000 -LEADER
campo de control de longitud fija 00630nam a2200193 i 4500
001 - NÚMERO DE CONTROL
campo de control 20841
003 - IDENTIFICADOR DE NÚMERO DE CONTROL
campo de control ES-MaACL
005 - FECHA Y HORA DE LA ÚLTIMA TRANSACCIÓN
campo de control 20230906152355.0
007 - CAMPO FIJO DE DESCRIPCIÓN FÍSICA--INFORMACIÓN GENERAL
campo de control de longitud fija t|
008 - DATOS DE LONGITUD FIJA--INFORMACIÓN GENERAL
campo de control de longitud fija 021119s1957 sp ||||1| spa d
100 1# - ENTRADA PRINCIPAL--NOMBRE DE PERSONA
Nombre de persona Alameda, Julián.
9 (RLIN) 19097
245 10 - MENCIÓN DEL TÍTULO
Título Cómo era la vida de los primeros cristianos
Resto del título : cuadros históricos litúrgicos de los tiempos primitivos /
Mención de responsabilidad, etc. Julián Alameda.
260 ## - PUBLICACIÓN, DISTRIBUCIÓN, ETC.
Lugar de publicación, distribución, etc. [Bilbao] :
Nombre del editor, distribuidor, etc. Desclie de Brouwer,
Fecha de publicación, distribución, etc. 1957 (
Lugar de fabricación/manufactura San Sebastián :
Fabricante Escelicer)
300 ## - DESCRIPCIÓN FÍSICA
Extensión 170 p. ;
Dimensiones 19 cm.
490 1# - MENCIÓN DE SERIE
Mención de serie Spiritus
830 0# - PUNTO DE ACCESO ADICIONAL DE SERIE-TÍTULO UNIFORME
Título uniforme Spiritus
9 (RLIN) 181888
852 ## - LOCALIZACIÓN
Ubicación ES-MaACL
Número de control de estantería C-14274
Sublocalización o colección R.40805
Holdings
Estatus retirado Estado de pérdida Estado de daño No para préstamo Biblioteca de origen Biblioteca actual Ubicación en estantería Fecha de adquisición Fuente de adquisición Total de préstamos Signatura topográfica completa Código de barras Visto por última vez Precio de reemplazo Tipo de ítem Koha
        Biblioteca del Ateneo de Madrid Biblioteca del Ateneo de Madrid Sala Palomar 17/01/2008     C-14274 1021403 23/02/2023 23/02/2023 Libro impreso